유럽의 공식 및 지역 언어 - Statistics

General Stats
  • This quiz has been taken 7 times
  • The average score is 34 of 73
Answers on the Map
Answers color-coded by a green-red scale on the quiz's map according to % correct below.
 
Answer Stats
Family 제1화자 제2화자 언어 % Correct
Slavic 1억 600만 54 mil 러시아어
100%
Germanic 9,700만 63 mil 독일어
100%
Romance 7,100만 64 mil 프랑스어
100%
Romance 6,500만 17 mil 이탈리아어
100%
Germanic 6,300만 197 mil 영어
100%
Romance 3,800만 38 mil 스페인어
100%
Turkic 1,200만 - 튀르키예어
100%
Hellenic 1,100만 - 그리스어
100%
Romance 1,000만 - 포르투갈어
100%
Germanic 2,200만 - 네덜란드어
83%
Slavic 2,100만 - 세르보크로아트어
83%
Germanic 1,100만 2.1 mil 스웨덴어
83%
Slavic 780만 - 불가리아어
83%
Germanic 550만 - 덴마크어
83%
Germanic 520만 - 노르웨이어
83%
Germanic 33만 - 아이슬란드어
83%
Slavic 3,800만 - 폴란드어
67%
Slavic 3,200만 - 우크라이나어
67%
Romance 2,400만 4.0 mil 루마니아어
67%
Uralic 1,300만 - 헝가리어
67%
Slavic 1,000만 - 체코어
67%
Other Indo-European 580만 - 알바니아어
67%
Uralic 540만 - 핀란드어
67%
Baltic 300만 - 리투아니아어
67%
Slavic 210만 - 슬로베니아어
67%
Baltic 170만 - 라트비아어
67%
Uralic 110만 - 에스토니아어
67%
Celtic 56만 188 k 웨일스어
67%
Celtic 24만 1.0 mil 아일랜드어
67%
Slavic 520만 - 슬로바키아어
50%
Slavic 330만 - 벨라루스어
50%
Slavic 140만 - 마케도니아어
50%
Romance 130만 - 사르데냐어
50%
Germanic 33만 50 k 룩셈부르크어
50%
Celtic 5만 7천 - 스코틀랜드 게일어
50%
Romance 4만 4천 - 로망슈어
50%
Romance 3만 95 k 코르시카어
50%
Celtic 557 - 콘월어
50%
Romance 400만 6.0 mil 카탈루냐어
33%
Romance 240만 - 갈리시아어
33%
Northeast Caucasian 140만 - 체첸어
33%
Language isolate 75만 - 바스크어
33%
Semitic 52만 - 몰타어
33%
Turkic 48만 - 크림타타르어
33%
Germanic 6만 6천 - 페로어
33%
Celtic 230 2.0 k 맨어
33%
Turkic 430만 - 타타르어
17%
Indo-Iranian 59만 - 오세트어
17%
Northwest Caucasian 53만 - 카바르다어
17%
Uralic 50만 - 마리어
17%
Germanic 47만 - 서부 프리지아어
17%
Uralic 34만 - 우드무르트어
17%
Northeast Caucasian 30만 - 인구시어
17%
Uralic 22만 - 코미어
17%
Turkic 14만 - 가가우즈어
17%
Uralic 12만 - 에르자어
17%
Northwest Caucasian 11만 - 아디게어
17%
Slavic 7만 - 루신어
17%
Slavic 5만 - 카슈브어
17%
Romance 4만 1천 - 라딘어
17%
Uralic 2만 3천 - 사미어
17%
Slavic 2만 - 소르브어
17%
Romance 1만 5천 - 미란다어
17%
Germanic 3,500 - 북부 프리지아어
17%
Uralic 2,000 - 목샤어
17%
Romance 1,900 900 저지어
17%
Romance 200 - 건지어
17%
Turkic 120만 - 바시키르어
0%
Turkic 110만 - 추바시어
0%
Turkic 30만 - 카라차이-발카르어
0%
Turkic 8만 7천 - 노가이어
0%
Mongolic 8만 - 칼미크어
0%
Northwest Caucasian 4만 9천 - 아바자어
0%
No matching quizzes found
Score Distribution
Percent of People with Each Score
Percentile by Number Answered
Your Score History
You have not taken this quiz